Načítá se...

English essays and essayists /

Podrobná bibliografie
Hlavní autor: Walker, Hugh
Médium: Printed Book
Jazyk:English
Vydáno: New Delhi : S.Chand & Co., 1977.
LEADER 00387nam a2200121Ia 4500
008 150624b xxu||||| |||| 00| 0 eng d
100 |a Walker, Hugh 
245 |a English essays and essayists /  |c Hugh Walker 
260 |a New Delhi :  |b S.Chand & Co.,  |c 1977. 
300 |a 343 p. 
942 |c BK 
999 |c 19996  |d 19996 
952 |0 1  |1 0  |4 0  |7 0  |9 19995  |a UL  |b UL  |c ST1  |d 1998-09-01  |l 0  |p 29888  |r 2012-10-27  |w 2012-10-27  |y BK